Historia de las muy notables aventuras de gorrito y chuvino
محفوظ في:
| المؤلف الرئيسي: | |
|---|---|
| التنسيق: | كتاب |
| اللغة: | الإسبانية |
| منشور في: |
Valparaíso
Universitarias de Valparaíso
1973
|
| سلاسل: | Colección narrativa infantil
|
| الموضوعات: | |
| الوسوم: |
إضافة وسم
لا توجد وسوم, كن أول من يضع وسما على هذه التسجيلة!
|
MARC
| LEADER | 00000nam a2200000 a 4500 | ||
|---|---|---|---|
| 001 | UCZ0041 | ||
| 003 | CL-VaPUC | ||
| 005 | 20220513074350.0 | ||
| 008 | 950724e19730000CL |||||||||||||||||spa|d | ||
| 999 | |c 237017 |d 237015 | ||
| 040 | |c Pontificia Universidad Católica de Valparaíso | ||
| 082 | 0 | 4 | |a 808.068 |b HOF |2 21 |
| 100 | 1 | |a Hoffmann Marechal, Rodolfo |9 554310 | |
| 245 | 1 | 0 | |a Historia de las muy notables aventuras de gorrito y chuvino |
| 260 | |a Valparaíso |b Universitarias de Valparaíso |c 1973 | ||
| 300 | |a v | ||
| 490 | 0 | |a Colección narrativa infantil | |
| 583 | |a last modification |c 19950724 00:00:00 |k Rodrigo Vera | ||
| 650 | 0 | |a Cuentos infantiles |9 308044 | |
| 650 | 0 | |a Literatura infantil |9 307465 | |
| 852 | |a BIBCUR | ||
| 942 | |c BK |2 ddc | ||
| 945 | |d 19950724 00:00:00 |a cmena | ||
| 952 | |0 0 |1 0 |4 0 |6 808_068000000000000_HOF_1973 |7 0 |8 A |9 245667 |a BIBEDU |b BIBEDU |d 2019-11-18 |h v.1 |i 1540971 |o 808.068 HOF 1973 |p 1540971 |r 2019-11-18 |w 2019-11-18 |y BK |k EDU | ||